00554nam a2200169 a 45000010005000000030005000050050017000100080041000270400020000681000025000882450099001132600079002123000011002916500019003026500021003216500042003421305CDMR20131030113509.0130130s1967||||||||||||||||||||||||||||d aCDMRbcatcCDMR1 aPiante, Robert D. de10aFotografía y periodismob: el mundo de las imágenes en el periódicocRobert D. de Piante aNueva Yorkc1967bCentro Técnico de la Sociedad Interamericana de Prensa a216 p.04aFotoperiodisme04aArts gràfiques04aDiarisxCompaginació i composició